Distributed systems: (Record no. 11102)

MARC details
000 -LEADER
fixed length control field 00791 a2200217 4500
010 ## - LIBRARY OF CONGRESS CONTROL NUMBER
LC control number ENG-89644
020 ## - INTERNATIONAL STANDARD BOOK NUMBER
International Standard Book Number 8120334984
Terms of availability 395.00
035 ## - SYSTEM CONTROL NUMBER
System control number EN-73177
037 ## - SOURCE OF ACQUISITION
Source of stock number/acquisition DBAD / PUB
082 14 - DEWEY DECIMAL CLASSIFICATION NUMBER
Classification number 003.78
090 ## - LOCALLY ASSIGNED LC-TYPE CALL NUMBER (OCLC); LOCAL CALL NUMBER (OCLC)
-- 11417
-- 11417
100 1# - MAIN ENTRY--PERSONAL NAME
Personal name Tanenbaum, Andrew S.
245 1# - TITLE STATEMENT
Title Distributed systems:
Statement of responsibility, etc by Andrew S. Tanenbaum [and] Maarten Van Steen
Remainder of title principles and paradigms/
260 ## - PUBLICATION, DISTRIBUTION, ETC. (IMPRINT)
Place of publication, distribution, etc New Delhi
Name of publisher, distributor, etc Prentice Hall of India
Date of publication, distribution, etc 2008
270 ## - ADDRESS
Address M-97, Connaught Circus
City New Delhi
State or province Delhi
Postal code 110001
300 ## - PHYSICAL DESCRIPTION
Extent xviii, 686p.:
Dimensions 24 cm ( Pbk.)
Other physical details fig.
500 ## - GENERAL NOTE
General note Includes bibliographical references & index.
700 1# - ADDED ENTRY--PERSONAL NAME
Personal name Steen, Maarten Van
942 ## - ADDED ENTRY ELEMENTS (KOHA)
Institution code [OBSOLETE] dpl
Koha item type English Books
Call number prefix 003.78 / TAN
Holdings
Withdrawn status Lost status Source of classification or shelving scheme Damaged status Not for loan Collection code Home library Current library Source of acquisition Cost, normal purchase price Total Checkouts Full call number Barcode Date last seen Copy number Uniform Resource Identifier Cost, replacement price Price effective from Koha item type
    Dewey Decimal Classification   Not For Loan Non-fiction D.B.Act.Division D.B.Act.Division DBAD/PUB 395.00   003.78 TAN EN-73177 15/09/2008 1 12206 395.00 15/09/2008 English Books

© Delhi Public Library
Hit Counter
free hit counter